Statistics for Which Countries are...

Click here to take the quiz!

General Stats

  • This quiz has been taken 43 times
  • The average score is 97 of 160

Answer Stats

QuestionTileSelect% Correct
Select all South American countries wich have ocean access.ArgentinaYes
100%
Select all South American countries wich have ocean access.MacauNo
100%
Select all South American countries wich have ocean access.ColombiaYes
97%
Select all South American countries wich have ocean access.VenezuelaYes
97%
Select all South American countries wich have ocean access.BoliviaNo
94%
Select all South American countries wich have ocean access.BrazilYes
94%
Select all South American countries wich have ocean access.ChileYes
94%
Select all South American countries wich have ocean access.ParaguayNo
94%
Select all South American countries wich have ocean access.PeruYes
94%
Select all South American countries wich have ocean access.SurinameYes
94%
Select all South American countries wich have ocean access.GuyanaYes
92%
Select all double landlocked countries.AserbaijanNo
89%
Select all double landlocked countries.AserbeijanNo
89%
Select all Countries ending with -ia.BelgiumNo
89%
Select all Countries ending with -ia.ComorosNo
89%
Select all Countries ending with -ia.CyprusNo
89%
Select all South American countries wich have ocean access.EcuadorYes
89%
Select all Countries ending with -ia.GermanyNo
89%
Select every of these country which capital lies on the sea.GermanyNo
89%
Select all Countries ending with -ia.HungaryNo
89%
Select all Countries ending with -ia.MoldovaNo
89%
Select every of these country which capital lies on the sea.MoldovaNo
89%
Select all Countries ending with -ia.NorwayNo
89%
Select all Countries ending with -ia.SenegalNo
89%
Select all Countries ending with -ia.ThailandNo
89%
Select all Countries ending with -ia.U.S.ANo
89%
Select all double landlocked countries.AsherbeijanNo
86%
Select all double landlocked countries.AzerbajianNo
86%
Select all double landlocked countries.AzerbeijanNo
86%
Select all double landlocked countries.AzerrbeijanNo
86%
Select all countries bordering Russia.Black SeaNo
86%
Select all Countries ending with -ia.ChinaNo
86%
Select all absolute monarchies.IndonesiaNo
86%
Select all double landlocked countries.MoroccoNo
86%
Select all absolute monarchies.United AirlinesNo
86%
Select all double landlocked countries.BelarusNo
83%
Select every country with an HDI of 9.5 or better.Cape VerdeNo
83%
Select all absolute monarchies.ChinaNo
83%
Select every country with an HDI of 9.5 or better.MaldivesNo
83%
Select every of these country which capital lies on the sea.NamibiaNo
83%
Select every country with an HDI of 9.5 or better.North DakotaNo
83%
Select all absolute monarchies.SingaporeNo
83%
Select all countries bordering Russia.U.S.ANo
83%
Select every country with an HDI of 9.5 or better.AfghanistanNo
81%
Select all double landlocked countries.AzerbaijanNo
81%
Select all South American countries wich have ocean access.JamaicaNo
81%
Select every of these country which capital lies on the sea.SpainNo
81%
Select every country with an HDI of 9.5 or better.FijiNo
78%
Select all South American countries wich have ocean access.French Guiana (France)Yes
78%
Select all double landlocked countries.LesothoNo
78%
Select all absolute monarchies.LichtensteinNo
78%
Select all double landlocked countries.VaticanNo
78%
Select every of these country which capital lies on the sea.AustraliaNo
75%
Select every country bigger than Serbia.Sierra LeoneNo
75%
Select all double landlocked countries.TajikistanNo
75%
Select all South American countries wich have ocean access.UruguayYes
75%
Select all Countries ending with -ia.GambiaYes
72%
Select every of these country which capital lies on the sea.ItalyNo
72%
Select all double landlocked countries.KosovoNo
72%
Select all absolute monarchies.NorwayNo
72%
Select every of these country which capital lies on the sea.OsloNo
72%
Select every country bigger than Serbia.PanamaNo
72%
Select all South American countries wich have ocean access.PanamaNo
72%
Select all absolute monarchies.SwedenNo
72%
Select all Countries ending with -ia.TanzaniaYes
72%
Select every country bigger than Serbia.AzerbaijanNo
69%
Select all countries bordering Russia.BelarusYes
69%
Select all Countries ending with -ia.EthiopiaYes
69%
Select all Countries ending with -ia.KeniaNo
69%
Select all countries bordering Russia.MongoliaYes
69%
Select all of these countries without rivers.QatarYes
69%
Select all countries bordering Russia.UkraineYes
69%
Select all of these countries without rivers.VaticanYes
69%
Select all countries bordering Russia.EstoniaYes
67%
Select all countries bordering Russia.FinlandYes
67%
Select every country with an HDI of 9.5 or better.Hong KongNo
67%
Select all countries bordering Russia.KazakhstanYes
67%
Select all countries bordering Russia.LatviaYes
67%
Select all countries bordering Russia.North KoreaYes
67%
Select all Countries ending with -ia.RussiaYes
67%
Select all double landlocked countries.TurkmenistanNo
67%
Select every country bigger than Serbia.United Arab EmiratesNo
67%
Select all countries with a Sea Life Aquarium.AustriaNo
64%
Select all of these countries without rivers.BahrainYes
64%
Select all absolute monarchies.BhutanNo
64%
Select every country bigger than Serbia.GeorgiaNo
64%
Select all absolute monarchies.LesothoNo
64%
Select all double landlocked countries.LiechtensteinYes
64%
Select all countries bordering Russia.LithuaniaYes
64%
Select all countries bordering Russia.ChinaYes
61%
Select all countries bordering Russia.GeorgiaYes
61%
Select every country bigger than Serbia.IrelandNo
61%
Select every of these country which capital lies on the sea.CubaYes
58%
Select every of these country which capital lies on the sea.South AfricaNo
58%
Select every of these country which capital lies on the sea.The NetherlandsNo
58%
Select all double landlocked countries.UzbekistanYes
58%
Select all absolute monarchies.BruneiYes
56%
Select all of these countries without rivers.MonacoYes
56%
Select every of these country which capital lies on the sea.PhilippinesYes
56%
Select every of these country which capital lies on the sea.PortugalYes
56%
Select all absolute monarchies.Saudi ArabiaYes
56%
Select every country with an HDI of 9.5 or better.NorwayYes
53%
Select all countries bordering Russia.PolandYes
53%
Select all countries bordering Russia.AzerbaijanYes
50%
Select every country with an HDI of 9.5 or better.BelgiumNo
50%
Select every country bigger than Serbia.Czech RepublicNo
50%
Select every of these country which capital lies on the sea.DenmarkYes
50%
Select all of these countries without rivers.KuwaitYes
50%
Select all countries bordering Russia.NorwayYes
50%
Select every of these country which capital lies on the sea.SwedenYes
50%
Select every country bigger than Serbia.AustriaNo
47%
Select all of these countries without rivers.MaldivesYes
47%
Select all of these countries without rivers.Saudi ArabiaYes
47%
Select every country with an HDI of 9.5 or better.GermanyNo
44%
Select all of these countries without rivers.OmanYes
44%
Select every country with an HDI of 9.5 or better.SingaporeNo
44%
Select all of these countries without rivers.TuvaluYes
44%
Select all absolute monarchies.EswatiniYes
42%
Select all of these countries without rivers.MaltaYes
42%
Select all of these countries without rivers.NauruYes
42%
Select all absolute monarchies.United Arab EmiratesYes
42%
Select every country with an HDI of 9.5 or better.FinlandNo
39%
Select every country with an HDI of 9.5 or better.IcelandNo
39%
Select every country with an HDI of 9.5 or better.IrelandNo
39%
Select all of these countries without rivers.KiribatiYes
39%
Select all absolute monarchies.QatarYes
39%
Select all absolute monarchies.VaticanYes
39%
Select every country with an HDI of 9.5 or better.AustraliaNo
36%
Select every country bigger than Serbia.HungaryYes
36%
Select every of these country which capital lies on the sea.NauruYes
36%
Select every country bigger than Serbia.BulgariaYes
33%
Select all of these countries without rivers.ComorosYes
33%
Select all of these countries without rivers.Marshall IslandsYes
33%
Select every country with an HDI of 9.5 or better.The NetherlandsNo
33%
Select all absolute monarchies.OmanYes
31%
Select every country with an HDI of 9.5 or better.SwitzerlandNo
31%
Select all countries with a Sea Life Aquarium.United KingdomYes
31%
Select all countries with a Sea Life Aquarium.United States of AmericaYes
31%
Select every of these country which capital lies on the sea.ArgentinaYes
28%
Select all of these countries without rivers.BahamasYes
28%
Select every country bigger than Serbia.PortugalYes
28%
Select all countries with a Sea Life Aquarium.GermanyYes
25%
Select all countries with a Sea Life Aquarium.AustraliaYes
22%
Select every country bigger than Serbia.CubaYes
22%
Select all countries with a Sea Life Aquarium.FranceYes
22%
Select every country bigger than Serbia.IcelandYes
22%
Select all countries with a Sea Life Aquarium.JapanYes
22%
Select all of these countries without rivers.LibyaYes
22%
Select all countries with a Sea Life Aquarium.SpainYes
22%
Select all countries with a Sea Life Aquarium.ChinaYes
19%
Select every country bigger than Serbia.South KoreaYes
19%
Select all countries with a Sea Life Aquarium.ItalyYes
17%
Select all countries with a Sea Life Aquarium.DenmarkYes
14%
Select every country bigger than Serbia.GuatemalaYes
14%
Select every country bigger than Serbia.JordanYes
14%
Select all countries with a Sea Life Aquarium.The NetherlandsYes
14%
Select all countries with a Sea Life Aquarium.BelgiumYes
11%
Select all countries with a Sea Life Aquarium.IrelandYes
8%
Select all countries with a Sea Life Aquarium.PortugalYes
8%
Select all countries with a Sea Life Aquarium.TurkeyYes
6%

Score Distribution

Percentile by Number Answered

Percent of People with Each Score

Your Score History

You have not taken this quiz